Χρήση Η/Υ

Αποθηκεύτηκε σε:
Λεπτομέρειες βιβλιογραφικής εγγραφής
Κύριος συγγραφέας: Γαγαλής, Νικόλαος
Μορφή: Βιβλίο
Γλώσσα:Greek
Δημοσίευση: Αθήνα : Επιστημονικές εκδόσεις Π.Χ. Πασχαλίδης.
Θέματα:
Ετικέτες: Προσθήκη ετικέτας
Δεν υπάρχουν, Καταχωρήστε ετικέτα πρώτοι!

MARC

LEADER 00000cam a2200000 i 4500
001 1/6764
008 960715s gr | ||| |||| ||gre||
035 |l 10016470 
040 |a GR-MyUa  |b gre  |e AACR2 
041 0 |a gre 
082 7 |a 005.43   |2 (22) 
100 1 |a Γαγαλής, Νικόλαος. 
245 1 0 |a Χρήση Η/Υ /   |c Ν. Γαγαλής...[κ.ά.].  
260 |a Αθήνα :   |b Επιστημονικές εκδόσεις Π.Χ. Πασχαλίδης.  
300 |a 433 σ.  
630 0 0 |a MS-DOS (Computer file) 
650 0 |a Computers. 
852 |a INST  |b LESVOS  |e 19960715  |h 005.43 ΧΡΗ  |p 005100009586  |q 005100009586  |t BK  |y 0 
922 |a 1ΔΩΡ  |b 199607